00398nam a2200145Ia 450000500170000000800410001702000330005804000090009108200180010010000310011824500350014926000370018430000210022152100100024220220901154337.0220714s9999 xx 000 0 und d a978 1 415 40289 4qPaperback c3228 a839.3626 VAND aVan der Westhuizen, Herman 0aDroomskip en ander radiodramas aKaapstadbNasou via Afrikac2009 a207 pagesc22 cm aAdult